000 00645nam a22001937a 4500
999 _c180586
_d180586
005 20210812111414.0
010 _aENG-129834
020 _c945.00
_a978-0-19-948940-4
035 _aEN-113366
037 _bDBAD/PUB
082 _a954.133
100 _aPati, Biswamoy
245 _aTribals and Dalits in Orissa:
_bTowards a Social History of Exclusion, c. 1800-1950/
_cBiswamoy Pati
250 _a2019
260 _bOxford University press
_c2019
_aNew Delhi
270 _a2/11 Ground floor,Ansari Road,Daryaganj
_bNew Delhi
_e110002
300 _a221 p.
_c22cm (hbk)
_bBibiliography, Index
942 _2ddc
_cEN
_h954.133
_kPAT